Statistics for NASCAR 2018 Recap Quiz

Click here to take the quiz!

General Stats

  • This quiz has been taken 250 times
  • The average score is 11 of 15

Answer Stats

HintAnswer% Correct
Who won the championship?Joey Logano
96%
Who took their 1st, 2nd, and 3rd career wins this year and was voted Most Popular Driver?Chase Elliott
87%
What model did Chevrolet move to this year?Chevrolet Camaro
87%
Who won the manufacturer's title?Ford
87%
NASCAR introduced a new track layout at the Charlotte Motor Speedway nicknamed what?the Roval
85%
Kevin Harvick tied with which other driver for most wins with eight apiece?Kyle Busch
84%
Aric Almirola had his best career season, including a win, while being sponsored by who?Smithfield
84%
Which driver tried and failed to execute the "Slide Job!" at Chicagoland, finishing runner-up?Kyle Larson
83%
Who scored his second career win in the Daytona 500?Austin Dillon
82%
Our only flip of the season came when Jamie McMurray tumbled at which track?Talladega
81%
It was sadly the last season Jimmie Johnson had his 17-year crew chief beside him. Who?Chad Knaus
76%
Which team put all four of their drivers in the round of eight?Stewart-Haas Racing
65%
Brad Keselowski won three straight races at Darlington, Las Vegas, and what other track?Indianapolis
53%
Kyle Larson dominated at Darlington, but failed to win in his blue and white throwback to who?Davey Allison
25%
One driver has now somehow scored four straight top tens at Daytona. Lucky indeed. Who?AJ Allmendinger
20%

Score Distribution

Percentile by Number Answered

Percent of People with Each Score

Your Score History

You have not taken this quiz